Surveys, subdivision and platting, and boundaries (Record no. 429859)

000 -LEADER
fixed length control field 00543cam a22001457a 4500
008 - FIXED-LENGTH DATA ELEMENTS--GENERAL INFORMATION
fixed length control field 180718b1958 xxu||||| |||| 00| 0 eng d
082 ## - DEWEY DECIMAL CLASSIFICATION NUMBER
Classification number J11103x797 V862
100 ## - MAIN ENTRY--PERSONAL NAME
Personal name Vogel, Joshua H.
245 ## - TITLE STATEMENT
Title Surveys, subdivision and platting, and boundaries
Statement of responsibility, etc. by Joshua H. Vogel
260 ## - PUBLICATION, DISTRIBUTION, ETC.
Place of publication, distribution, etc. Seattle
Name of publisher, distributor, etc. Bureau of Governmental Research and Services
Date of publication, distribution, etc. 1958
300 ## - PHYSICAL DESCRIPTION
Extent vii, 175p
650 ## - SUBJECT ADDED ENTRY--TOPICAL TERM
Topical term or geographic name entry element Surveying --Law and legislation --Washington (State)
650 ## - SUBJECT ADDED ENTRY--TOPICAL TERM
Topical term or geographic name entry element Boundaries (Estates) --Washington (State)
650 ## - SUBJECT ADDED ENTRY--TOPICAL TERM
Topical term or geographic name entry element Land subdivision --Washington (State)
Holdings
Withdrawn status Lost status Damaged status Not for loan Permanent Location Current Location Date acquired Full call number Barcode Date last seen Price effective from Koha item type
        Indian Institute of Public Administration Indian Institute of Public Administration 2010-01-05 J11103x797 V862 23592 2018-07-21 2018-07-21 Book

Powered by Koha